[Event "Kingston Invitational Swiss"]
[Site "Kingston-upon-Thames"]
[Date "2025.08.14"]
[Round "5.16"]
[White "Skettos, Nicolas"]
[Black "Han, Qixuan"]
[Result "1-0"]
[WhiteElo "1968"]
[BlackElo "1896"]
[PlyCount "169"]
[EventDate "2025.08.12"]
[EventType "swiss"]
[EventRounds "9"]
[EventCountry "ENG"]

1. e4 c5 2. Nf3 d6 3. c3 Nf6 4. h3 Nc6 5. Bd3 g6 6. Bc2 Bg7 7. O-O e5 8. Re1 O-O 9. d4 cxd4 10. cxd4 exd4 11. Nxd4 d5 12. e5 Nd7 13. Nxc6 bxc6 14. f4 Qb6+ 15. Kh1 Rd8 16. Nc3 Qf2 17. Be3 Qh4 18. Qf3 g5 19. Bf5 gxf4 20. Bxf4 Nf8 21. Bg3 Qg5 22. Bc2 Ng6 23. Bxg6 hxg6 24. Bf4 Qh4 25. Bg3 Qh5 26. Qxh5 gxh5 27. Na4 Be6 28. Rac1 d4 29. Bf4 d3 30. Bd2 Bxa2 31. Rxc6 Rac8 32. Rc3 Rxc3 33. Nxc3 Rb8 34. Nxa2 Rxb2 35. Bc3 Rxa2 36. Rd1 d2 37. Bxd2 Bxe5 38. Be3 a5 39. Rd8+ Kh7 40. Kg1 a4 41. Rd5 f6 42. Kf1 Kg6 43. Ra5 Kf5 44. Bd4 a3 45. Bc5 Ra1+ 46. Ke2 Ra2+ 47. Kf3 Rc2 48. Bxa3 Rc3+ 49. Kf2 Ke4 50. Ra4+ Bd4+ 51. Rxd4+ Ke5 52. Ra4 Kf5 53. Ra6 Ke4 54. Be7 f5 55. Rh6 Rc2+ 56. Kg1 f4 57. Rf6 Rc1+ 58. Kh2 Ke3 59. Rf5 Rc2 60. Bg5 Rf2 61. Bxf4+ Rxf4 62. Rxh5 Rf8 63. Rg5 Kf2 64. g4 Rh8 65. Rf5+ Ke3 66. Kg3 Ke4 67. Rf7 Ke5 68. h4 Ke6 69. Rf1 Ra8 70. h5 Ra3+ 71. Kh4 Ra5 72. h6 Ke7 73. g5 Ra2 74. Kh5 Ra6 75. h7 Ra2 76. Rf4 Ra8 77. Kg6 Ke6 78. Kg7 Ra7+ 79. Kg8 Ra8+ 80. Rf8 Ra5 81. g6 Rg5 82. g7 Rf5 83. Rxf5 Kxf5 84. h8=Q Kg6 85. Qh7+ 1-0

[Event "Kingston Invitational Swiss"]
[Site "Kingston-upon-Thames"]
[Date "2025.08.14"]
[Round "5.17"]
[White "Healey, Michael W"]
[Black "Josse, Mark"]
[Result "1/2-1/2"]
[WhiteElo "2135"]
[BlackElo "2113"]
[PlyCount "78"]
[EventDate "2025.08.12"]
[EventType "swiss"]
[EventRounds "9"]
[EventCountry "ENG"]

1. e4 c5 2. Nc3 Nc6 3. Nge2 d6 4. Nf4 Nf6 5. d3 Rb8 6. Be2 b5 7. b3 g6 8. Bb2 Bg7 9. Ncd5 e6 10. Ne3 O-O 11. g4 Nxg4 12. Bxg7 Nxe3 13. fxe3 Qh4+ 14. Kd2 Kxg7 15. Qc1 e5 16. Qb2 Kg8 17. Nd5 Be6 18. Nc7 Rb7 19. Nxe6 fxe6 20. Qa3 b4 21. Qa6 Rb6 22. Qa4 Kg7 23. h3 h5 24. a3 d5 25. axb4 cxb4 26. exd5 exd5 27. Raf1 Rxf1 28. Rxf1 Qxh3 29. Qa1 Rb7 30. Rf3 Qe6 31. Rg3 h4 32. Rg4 Qf6 33. Qh1 g5 34. Qxh4 Kg6 35. Qh1 e4 36. Rg1 Qc3+ 37. Kd1 Qa1+ 38. Kd2 Qc3+ 39. Kd1 Qa1+ 1/2-1/2

[Event "Kingston Invitational Swiss"]
[Site "Kingston-upon-Thames"]
[Date "2025.08.14"]
[Round "5.18"]
[White "Young, Daniel J"]
[Black "Han, Qixiang"]
[Result "0-1"]
[WhiteElo "1958"]
[BlackElo "2070"]
[PlyCount "70"]
[EventDate "2025.08.12"]
[EventType "swiss"]
[EventRounds "9"]
[EventCountry "ENG"]

1. d4 d5 2. c4 c6 3. Nf3 Nf6 4. Nc3 dxc4 5. e4 b5 6. Be2 b4 7. Na4 Nxe4 8. Bxc4 e6 9. O-O Be7 10. Re1 Nf6 11. Bg5 Nbd7 12. Qe2 Nd5 13. h4 h6 14. Bd2 a5 15. h5 Bb7 16. Rad1 O-O 17. Ne5 N7f6 18. Bd3 Qc8 19. Bb1 Bd6 20. g4 c5 21. Rc1 Bxe5 22. dxe5 Qc6 23. exf6 Nc3 24. Bh7+ Kxh7 25. Qd3+ Kg8 26. f3 Nxa4 27. fxg7 Rfd8 28. Qe3 Qxf3 29. Qxf3 Bxf3 30. Bxh6 Nxb2 31. Rf1 Nd3 32. Rxf3 Nxc1 33. Bxc1 Rd1+ 34. Rf1 Rxf1+ 35. Kxf1 Kxg7 0-1

[Event "Kingston Invitational Swiss"]
[Site "Kingston-upon-Thames"]
[Date "2025.08.14"]
[Round "5.19"]
[White "McMichael, Richard J"]
[Black "Razhnou, Lev"]
[Result "1-0"]
[WhiteElo "2112"]
[BlackElo "1821"]
[PlyCount "97"]
[EventDate "2025.08.12"]
[EventType "swiss"]
[EventRounds "9"]
[EventCountry "ENG"]

1. c4 c6 2. Nf3 Nf6 3. b3 d5 4. e3 Bf5 5. Nc3 e6 6. Be2 h6 7. Bb2 Nbd7 8. O-O Bd6 9. Nd4 Bh7 10. f4 O-O 11. a3 e5 12. fxe5 Bxe5 13. Nf3 Re8 14. cxd5 Nxd5 15. Nxe5 Nxe5 16. Nxd5 Qxd5 17. d4 Qe4 18. dxe5 Qxe3+ 19. Rf2 Rad8 20. Qe1 Qxb3 21. Qb4 Qe3 22. Bc4 Bg6 23. e6 fxe6 24. Qxb7 Rd4 25. Bxd4 Qxd4 26. Rc1 Rf8 27. Qb2 Qe3 28. Qd2 Qxa3 29. Bxe6+ Kh7 30. Rxf8 Qxf8 31. Rxc6 Qa3 32. Qc1 Qd3 33. Rc8 Qd4+ 34. Kh1 Be4 35. Rc4 Qd3 36. Rc3 Qe2 37. Rh3 Bg6 38. Rg3 Qe4 39. Bg4 a5 40. Bf3 Qb4 41. Rg4 Qe7 42. Rc4 Qe5 43. Rc5 Qe8 44. Rxa5 h5 45. h3 h4 46. Rg5 Qe7 47. Qf4 Qe1+ 48. Kh2 Kh6 49. Rh5# 1-0

[Event "Kingston Invitational Swiss"]
[Site "Kingston-upon-Thames"]
[Date "2025.08.14"]
[Round "5.20"]
[White "Hughes, Anthony"]
[Black "Kumar, Sachin"]
[Result "1/2-1/2"]
[WhiteElo "1930"]
[BlackElo "1800"]
[PlyCount "38"]
[EventDate "2025.08.12"]
[EventType "swiss"]
[EventRounds "9"]
[EventCountry "ENG"]

1. c4 Nf6 2. Nc3 g6 3. g3 c5 4. Bg2 Bg7 5. e4 Nc6 6. Nge2 O-O 7. O-O d6 8. d3 Bd7 9. h3 Rc8 10. Be3 e5 11. f4 Nd4 12. Qd2 h5 13. fxe5 dxe5 14. Bg5 Bc6 15. Rf3 Qd6 16. Raf1 Nh7 17. h4 a6 18. Bh3 Rb8 19. Nd5 Bxd5 1/2-1/2

[Event "Kingston Invitational Swiss"]
[Site "Kingston-upon-Thames"]
[Date "2025.08.14"]
[Round "5.21"]
[White "Adams, Mark A"]
[Black "Armstrong, Alastair"]
[Result "0-1"]
[WhiteElo "1912"]
[BlackElo "2108"]
[PlyCount "78"]
[EventDate "2025.08.12"]
[EventType "swiss"]
[EventRounds "9"]
[EventCountry "ENG"]

1. e4 Nf6 2. e5 Nd5 3. d4 d6 4. c4 Nb6 5. f4 Bf5 6. Nc3 e6 7. Nf3 dxe5 8. fxe5 Bb4 9. Be3 c5 10. a3 cxd4 11. Bxd4 Be7 12. Be3 Nc6 13. Qxd8+ Rxd8 14. Nb5 Na4 15. b4 f6 16. Nd6+ Bxd6 17. exd6 Rxd6 18. b5 Na5 19. c5 Rd5 20. c6 bxc6 21. bxc6 Nxc6 22. Bc4 Ra5 23. Bd2 Rc5 24. Rc1 Nb2 25. Be2 Rxc1+ 26. Bxc1 Nd3+ 27. Kd2 Nxc1 28. Rxc1 Kd7 29. Bb5 Be4 30. Nd4 Rc8 31. Ba6 Rb8 32. Bb5 Rb6 33. Rc3 Kd6 34. Bxc6 Bxc6 35. Rg3 Rb2+ 36. Kc3 Rxg2 37. Nb5+ Kc5 38. Rxg2 Bxg2 39. Nxa7 Bb7 0-1

[Event "Kingston Invitational Swiss"]
[Site "Kingston-upon-Thames"]
[Date "2025.08.14"]
[Round "5.22"]
[White "Waddington, Mike P"]
[Black "Pirgon, Joshua"]
[Result "0-1"]
[WhiteElo "2034"]
[BlackElo "1849"]
[PlyCount "92"]
[EventDate "2025.08.12"]
[EventType "swiss"]
[EventRounds "9"]
[EventCountry "ENG"]

1. e4 Nf6 2. e5 Nd5 3. f4 d6 4. d4 g6 5. c4 Nb6 6. Nf3 Bg7 7. Be3 O-O 8. Nc3 dxe5 9. Nxe5 N8d7 10. Qf3 c5 11. Nxd7 Nxd7 12. O-O-O Qa5 13. h3 cxd4 14. Bxd4 e5 15. fxe5 Nxe5 16. Qd5 Qc7 17. Nb5 Qe7 18. Bxe5 Qxe5 19. Qxe5 Bxe5 20. Bd3 Be6 21. Rhe1 Bf4+ 22. Kb1 Rfd8 23. b3 a6 24. Nc3 Rac8 25. Be4 Bd2 26. Rxd2 Rxd2 27. Bxb7 Rcd8 28. Bf3 Rf2 29. Re2 Rxe2 30. Nxe2 Rd2 31. Nf4 Bf5+ 32. Ka1 a5 33. Nd5 Kf8 34. Ne3 Bd7 35. c5 Be6 36. Nc4 Bxc4 37. bxc4 Ke8 38. Bd5 Rf2 39. a3 h5 40. Kb1 g5 41. Bc6+ Kd8 42. Bd5 f5 43. Bc6 Kc7 44. Bd5 g4 45. hxg4 fxg4 46. Be4 h4 0-1

[Event "Kingston Invitational Swiss"]
[Site "Kingston-upon-Thames"]
[Date "2025.08.14"]
[Round "5.23"]
[White "Cowan, Xavier"]
[Black "Lin, William"]
[Result "1-0"]
[WhiteElo "1854"]
[BlackElo "1678"]
[PlyCount "77"]
[EventDate "2025.08.12"]
[EventType "swiss"]
[EventRounds "9"]
[EventCountry "ENG"]

1. d4 Nf6 2. c4 g6 3. Nc3 Bg7 4. e4 d6 5. f3 O-O 6. Be3 Nbd7 7. Qd2 c5 8. Rd1 cxd4 9. Bxd4 b6 10. Nh3 Ba6 11. Be2 Rc8 12. b3 Nc5 13. O-O Ne6 14. Be3 Bb7 15. Nd5 Bxd5 16. exd5 Nc7 17. Nf2 Nd7 18. Bh6 Nf6 19. Ng4 Nxg4 20. fxg4 Ne8 21. Bxg7 Nxg7 22. Qh6 f5 23. Rd3 fxg4 24. Bxg4 Rxf1+ 25. Kxf1 Qf8+ 26. Rf3 Nf5 27. Qg5 e6 28. dxe6 Rc5 29. e7 Qf7 30. Rxf5 Rxf5+ 31. Bxf5 Kg7 32. Kg1 b5 33. Bd7 h6 34. Qe3 bxc4 35. e8=Q cxb3 36. Qd4+ Qf6 37. Qe7+ Kg8 38. Qdxf6 bxa2 39. Be6# 1-0

[Event "Kingston Invitational Swiss"]
[Site "Kingston-upon-Thames"]
[Date "2025.08.14"]
[Round "5.24"]
[White "Eckert, Jonathan"]
[Black "Bhatia, Jai"]
[Result "1/2-1/2"]
[WhiteElo "1770"]
[BlackElo "1708"]
[PlyCount "79"]
[EventDate "2025.08.12"]
[EventType "swiss"]
[EventRounds "9"]
[EventCountry "ENG"]

1. e4 e5 2. Nc3 Nc6 3. Nf3 Bc5 4. Bc4 Nf6 5. d3 h6 6. O-O O-O 7. h3 d6 8. Na4 Bb6 9. Nxb6 axb6 10. a3 Nh7 11. Re1 Kh8 12. d4 f5 13. exf5 Bxf5 14. dxe5 dxe5 15. Qxd8 Raxd8 16. c3 Rde8 17. Nh4 Ng5 18. Bxg5 hxg5 19. Nxf5 Rxf5 20. Bd3 Rf6 21. Rad1 g6 22. Be4 Kg7 23. Rd7+ Rf7 24. Red1 Ree7 25. Rxe7 Rxe7 26. Kf1 Na5 27. Bd5 Rd7 28. Ke2 Re7 29. Ke3 Rd7 30. Rd3 Re7 31. Ke4 Nc6 32. Ba2 Nb8 33. b4 Nd7 34. Ke3 Nf6 35. Bd5 c6 36. Be4 Rf7 37. Rd2 Rc7 38. c4 b5 39. c5 Rc8 40. g3 1/2-1/2

[Event "Kingston Invitational Swiss"]
[Site "Kingston-upon-Thames"]
[Date "2025.08.14"]
[Round "6.2"]
[White "Claverie, Raul"]
[Black "Kothari, Jai"]
[Result "0-1"]
[WhiteElo "2180"]
[BlackElo "2051"]
[PlyCount "114"]
[EventDate "2025.08.12"]
[EventType "swiss"]
[EventRounds "9"]
[EventCountry "ENG"]

1. e4 c5 2. Nf3 Nc6 3. Bb5 g6 4. O-O Bg7 5. Re1 e5 6. a3 Nge7 7. b4 b6 8. Nc3 O-O 9. d3 Bb7 10. bxc5 bxc5 11. Bc4 Nd4 12. Bg5 h6 13. Bxe7 Qxe7 14. Bd5 Bc6 15. Bxc6 dxc6 16. Nxd4 cxd4 17. Nb1 f5 18. Nd2 f4 19. Qg4 Kh7 20. Reb1 Rab8 21. Nc4 h5 22. Qd1 Qc7 23. Rxb8 Rxb8 24. Rb1 Rb5 25. a4 Rb7 26. g3 fxg3 27. fxg3 Qb8 28. Ra1 Qf8 29. Kg2 Qb4 30. h4 Qe7 31. Qf3 Rb8 32. Rf1 Rf8 33. Qd1 Rxf1 34. Qxf1 Qb4 35. a5 Qc3 36. Qf2 Kg8 37. Nd6 Qxa5 38. Qf7+ Kh8 39. Ne8 Qd2+ 40. Kh3 Qh6 41. Qxa7 g5 42. hxg5 Qe6+ 43. Kg2 Qxe8 44. Qc7 Qe6 45. Kf2 Kh7 46. Kg2 Qg4 47. Qf7 Qxg5 48. Qe6 Qg6 49. Qd7 h4 50. g4 Qf6 51. Qe8 Qg5 52. Qd7 Qf4 53. g5 Qxg5+ 54. Kh1 Qf4 55. Kg2 Qg3+ 56. Kh1 Qf3+ 57. Kh2 h3 0-1

[Event "Kingston Invitational Swiss"]
[Site "Kingston-upon-Thames"]
[Date "2025.08.14"]
[Round "6.3"]
[White "Rudzinska, Michalina"]
[Black "Xian, Junhao"]
[Result "1-0"]
[WhiteElo "2200"]
[BlackElo "2159"]
[PlyCount "65"]
[EventDate "2025.08.12"]
[EventType "swiss"]
[EventRounds "9"]
[EventCountry "ENG"]

1. e4 c5 2. Nf3 e6 3. d4 cxd4 4. Nxd4 Nc6 5. Nc3 Qc7 6. Be3 a6 7. a3 b5 8. Nxc6 Qxc6 9. Be2 Bb7 10. O-O Rc8 11. Qd3 Nf6 12. Rad1 b4 13. axb4 Bxb4 14. Bf3 Qc7 15. Bd2 Bc5 16. Rfe1 h5 17. h3 Qg3 18. Be3 Bxe3 19. Rxe3 Qe5 20. Nd5 Bxd5 21. exd5 Qxb2 22. dxe6 dxe6 23. Qd6 Qxc2 24. Bb7 Nd5 25. Qxd5 O-O 26. Qxh5 Rc5 27. Qe2 Qa4 28. Bxa6 Rc2 29. Qd3 Rb8 30. Re4 Qa2 31. Rh4 g6 32. Qd4 Qb2 33. Rh8# 1-0

[Event "Kingston Invitational Swiss"]
[Site "Kingston-upon-Thames"]
[Date "2025.08.14"]
[Round "6.4"]
[White "Rushbrooke, Remy"]
[Black "Agrawal, Shivam"]
[Result "1/2-1/2"]
[WhiteElo "2090"]
[BlackElo "2047"]
[PlyCount "125"]
[EventDate "2025.08.12"]
[EventType "swiss"]
[EventRounds "9"]
[EventCountry "ENG"]

1. Nf3 d5 2. g3 Nf6 3. Bg2 c6 4. c4 Nbd7 5. d4 e6 6. O-O dxc4 7. a4 Bb4 8. Nbd2 c3 9. bxc3 Bxc3 10. Ba3 a5 11. Nc4 Bb4 12. Nd6+ Bxd6 13. Bxd6 Nb6 14. Ba3 Nc4 15. Bc1 O-O 16. Qc2 b5 17. e4 h6 18. Rd1 Nb6 19. Ne5 Bb7 20. g4 Nfd7 21. Nxd7 Qxd7 22. g5 h5 23. Qe2 g6 24. Bf4 f6 25. gxf6 Rxf6 26. Be5 Rf7 27. Ra3 Nc4 28. Rg3 Kh7 29. Bh3 Qe7 30. f4 Nxe5 31. dxe5 Rxf4 32. Rd6 Raf8 33. Bxe6 Bc8 34. Bxc8 Qa7+ 35. Qe3 Qxe3+ 36. Rxe3 Rxc8 37. Rc3 bxa4 38. Rcxc6 Rxc6 39. Rxc6 Rxe4 40. Rc5 Re1+ 41. Kf2 Ra1 42. Rxa5 Kg7 43. Ra7+ Kf8 44. Kg2 a3 45. Kf2 a2 46. Kg2 g5 47. h3 Ke8 48. Kh2 g4 49. hxg4 hxg4 50. Kg2 g3 51. e6 Kd8 52. Rd7+ Kc8 53. Ra7 Kd8 54. Rd7+ Kc8 55. Ra7 Kb8 56. e7 Rg1+ 57. Kxg1 Kxa7 58. Kg2 a1=Q 59. e8=Q Qc3 60. Qf7+ Kb6 61. Qg6+ Qc6+ 62. Qxc6+ Kxc6 63. Kxg3 1/2-1/2

[Event "Kingston Invitational Swiss"]
[Site "Kingston-upon-Thames"]
[Date "2025.08.14"]
[Round "6.5"]
[White "Bates, Caspar J"]
[Black "Lalic, Susan K"]
[Result "1/2-1/2"]
[WhiteElo "2010"]
[BlackElo "2204"]
[PlyCount "91"]
[EventDate "2025.08.12"]
[EventType "swiss"]
[EventRounds "9"]
[EventCountry "ENG"]

1. Nf3 d5 2. c4 e6 3. d4 c5 4. e3 Nf6 5. Nc3 Nc6 6. a3 cxd4 7. exd4 Be7 8. Bd3 dxc4 9. Bxc4 O-O 10. O-O a6 11. Ba2 b5 12. Bb1 Bb7 13. Qd3 g6 14. Rd1 b4 15. axb4 Nxb4 16. Qe2 Qd6 17. Ne5 Nbd5 18. Ra3 Rac8 19. Bh6 Nxc3 20. Rxc3 Rxc3 21. bxc3 Ra8 22. c4 a5 23. h3 a4 24. Bf4 Qa6 25. Qe3 a3 26. Ba2 Qa4 27. Re1 Bb4 28. Rb1 Ne4 29. Qb3 Nc3 30. Qxb4 Qxb4 31. Rxb4 Nxa2 32. Rxb7 Nc3 33. Kh2 a2 34. Nxf7 Ne4 35. f3 a1=Q 36. fxe4 Qxd4 37. Be5 Qxe4 38. Nh6+ Kf8 39. Bd6+ Ke8 40. Re7+ Kd8 41. Nf7+ Kc8 42. Rc7+ Kb8 43. Re7+ Kc8 44. Rc7+ Kb8 45. Rd7+ Kc8 46. Rc7+ 1/2-1/2

[Event "Kingston Invitational Swiss"]
[Site "Kingston-upon-Thames"]
[Date "2025.08.14"]
[Round "6.6"]
[White "Verma, Aditya"]
[Black "Gajowniczek, Maks"]
[Result "1-0"]
[WhiteElo "2093"]
[BlackElo "1847"]
[PlyCount "81"]
[EventDate "2025.08.12"]
[EventType "swiss"]
[EventRounds "9"]
[EventCountry "ENG"]

1. e4 c5 2. Nf3 g6 3. d4 cxd4 4. Nxd4 Nc6 5. c4 Nf6 6. Nc3 d6 7. f3 Nxd4 8. Qxd4 Bg7 9. Be3 O-O 10. Qd3 a5 11. Be2 a4 12. O-O Qa5 13. Rab1 Nd7 14. Nd5 Re8 15. b4 axb3 16. axb3 Qd8 17. Qd2 b6 18. Qb4 Rb8 19. Rfd1 Bb7 20. Qe1 Nc5 21. Qf2 Bxd5 22. Rxd5 Qc7 23. Bf1 Rb7 24. Rd2 Ra8 25. b4 Nd7 26. Bd4 Bxd4 27. Qxd4 Ne5 28. f4 Nc6 29. Qd5 Rd8 30. h4 h5 31. Kh1 e5 32. f5 Kg7 33. Rb3 Nd4 34. Rg3 Qe7 35. Rg5 Ra7 36. Rf2 Qb7 37. f6+ Kh6 38. Rxe5 Nc6 39. Qd2+ Kh7 40. Rxh5+ gxh5 41. Qg5 1-0

[Event "Kingston Invitational Swiss"]
[Site "Kingston-upon-Thames"]
[Date "2025.08.14"]
[Round "6.7"]
[White "Bashylina, Luisa"]
[Black "Skettos, Nicolas"]
[Result "1-0"]
[WhiteElo "2085"]
[BlackElo "1968"]
[PlyCount "123"]
[EventDate "2025.08.12"]
[EventType "swiss"]
[EventRounds "9"]
[EventCountry "ENG"]

1. d4 d5 2. c4 dxc4 3. Nf3 a6 4. e3 b5 5. a4 Bb7 6. b3 e6 7. bxc4 bxc4 8. Bxc4 Nf6 9. O-O Be7 10. Nc3 O-O 11. Rb1 Qc8 12. Qe2 Ne4 13. Bb2 Nxc3 14. Bxc3 Be4 15. Rb2 c5 16. Nd2 Bc6 17. dxc5 Nd7 18. a5 Bxc5 19. Rfb1 Be7 20. e4 Rd8 21. Bd4 Nf6 22. Bb6 Rd7 23. f3 Nh5 24. g3 Nf6 25. Nb3 Ne8 26. Rc2 Nc7 27. Nd4 Ba4 28. Ra2 Nb5 29. Bxb5 Bxb5 30. Nxb5 axb5 31. Qxb5 Rb8 32. Kg2 Bd8 33. Rd1 Rbb7 34. a6 Bxb6 35. axb7 Rxb7 36. Qc6 Rb8 37. Rc2 Qxc6 38. Rxc6 Ba5 39. Ra1 Bd2 40. Rb1 Rf8 41. f4 g6 42. Kf3 Kg7 43. Rb7 Ba5 44. Rxe6 h5 45. Ra6 Bc3 46. e5 Bd4 47. Rd6 Bc5 48. Rdd7 h4 49. e6 Kf6 50. Rxf7+ Rxf7 51. exf7 hxg3 52. hxg3 Be7 53. Kg4 Kxf7 54. Rxe7+ Kxe7 55. Kg5 Kf7 56. f5 gxf5 57. Kxf5 Kg7 58. Kg5 Kg8 59. Kg6 Kh8 60. g4 Kg8 61. g5 Kh8 62. Kf7 1-0

[Event "Kingston Invitational Swiss"]
[Site "Kingston-upon-Thames"]
[Date "2025.08.14"]
[Round "6.8"]
[White "Taylor, William J"]
[Black "Makepeace, Philip J"]
[Result "1/2-1/2"]
[WhiteElo "1985"]
[BlackElo "2081"]
[PlyCount "42"]
[EventDate "2025.08.12"]
[EventType "swiss"]
[EventRounds "9"]
[EventCountry "ENG"]

1. e4 c6 2. d4 d5 3. exd5 cxd5 4. Bd3 Nc6 5. c3 g6 6. h3 Bg7 7. Nf3 Nf6 8. O-O Qc7 9. Re1 O-O 10. Nbd2 Nh5 11. Nb3 Nf4 12. Bf1 Nh5 13. Nc5 b6 14. Nd3 Ba6 15. g3 Bxd3 16. Qxd3 Nxg3 17. fxg3 Qxg3+ 18. Kh1 e5 19. dxe5 Nxe5 20. Rxe5 Bxe5 21. Nxe5 Qxe5 1/2-1/2

[Event "Kingston Invitational Swiss"]
[Site "Kingston-upon-Thames"]
[Date "2025.08.14"]
[Round "6.9"]
[White "Rice, Chris B"]
[Black "Farrand, Tom"]
[Result "1/2-1/2"]
[WhiteElo "1926"]
[BlackElo "2077"]
[PlyCount "27"]
[EventDate "2025.08.12"]
[EventType "swiss"]
[EventRounds "9"]
[EventCountry "ENG"]

1. d4 Nf6 2. Nf3 c5 3. d5 d6 4. Bg5 Nbd7 5. e3 g6 6. Nc3 Bg7 7. Be2 O-O 8. O-O h6 9. Bh4 Ne8 10. e4 Rb8 11. a4 a6 12. Nd2 Nc7 13. a5 g5 14. Bg3 1/2-1/2

[Event "Kingston Invitational Swiss"]
[Site "Kingston-upon-Thames"]
[Date "2025.08.14"]
[Round "6.10"]
[White "Gosling, Marcus"]
[Black "Verma, Shlok"]
[Result "0-1"]
[WhiteElo "1909"]
[BlackElo "2076"]
[PlyCount "94"]
[EventDate "2025.08.12"]
[EventType "swiss"]
[EventRounds "9"]
[EventCountry "ENG"]

1. Nf3 d5 2. c4 dxc4 3. g3 Nf6 4. Bg2 e6 5. O-O Be7 6. Qa4+ Bd7 7. Qxc4 Bc6 8. d4 O-O 9. Bf4 Na6 10. a3 Bd5 11. Qc2 c5 12. dxc5 Nxc5 13. Nc3 Bb3 14. Qc1 Nd5 15. Nd4 Rc8 16. Bxd5 Bxd5 17. Nxd5 Qxd5 18. Qd2 Bf6 19. Be3 Rfd8 20. Rad1 Nb3 21. Nxb3 Qxb3 22. Qb4 Qxb4 23. axb4 a6 24. b3 h6 25. Rxd8+ Rxd8 26. Rc1 Rd7 27. Kg2 g5 28. Kf3 Rd5 29. Rc5 Kg7 30. Ke4 Rd7 31. Rc4 Be7 32. Bc5 Bf6 33. Bd4 Kg6 34. Bxf6 Kxf6 35. Rd4 Ke7 36. e3 Rxd4+ 37. Kxd4 Kd6 38. f4 g4 39. e4 f6 40. e5+ fxe5+ 41. fxe5+ Kc6 42. Kc4 Kb6 43. Kd4 Kb5 44. Kc3 b6 45. Kc2 Kxb4 46. Kb2 Kc5 47. Kc3 Kd5 0-1

[Event "Kingston Invitational Swiss"]
[Site "Kingston-upon-Thames"]
[Date "2025.08.14"]
[Round "6.11"]
[White "Frostick, Clive A"]
[Black "Villiers, Thomas"]
[Result "0-1"]
[WhiteElo "2095"]
[BlackElo "2156"]
[PlyCount "108"]
[EventDate "2025.08.12"]
[EventType "swiss"]
[EventRounds "9"]
[EventCountry "ENG"]

1. e4 e6 2. d4 d5 3. Nd2 c5 4. Ngf3 cxd4 5. Nxd4 Nc6 6. Nxc6 bxc6 7. Bd3 Nf6 8. O-O Be7 9. c4 O-O 10. Qc2 e5 11. b3 d4 12. c5 Qa5 13. Nc4 Qc7 14. b4 Nh5 15. Qe2 g6 16. g3 Kg7 17. Bd2 Bh3 18. Rfe1 Nf6 19. f3 h5 20. Qf2 Rae8 21. Bg5 Nd7 22. Bxe7 Rxe7 23. Qd2 Be6 24. Nd6 Nf6 25. f4 Bg4 26. Kg2 Bc8 27. h3 Ne8 28. Nc4 Qd7 29. f5 f6 30. g4 hxg4 31. hxg4 g5 32. Rh1 Rh8 33. Na5 Nc7 34. Qe2 Ree8 35. Rxh8 Rxh8 36. Rh1 Rxh1 37. Kxh1 Qe8 38. Kg1 Bd7 39. Qc2 Qh8 40. Qh2 Qb8 41. a3 Nb5 42. Qa2 Nc3 43. Qc4 Qh8 44. Be2 Qh4 45. Qd3 Qe1+ 46. Bf1 Nxe4 47. Qe2 Qg3+ 48. Qg2 Qe3+ 49. Kh2 d3 50. Nc4 Qf4+ 51. Kg1 d2 52. Be2 Nc3 53. Nb2 Qd4+ 54. Qf2 Nxe2+ 0-1

[Event "Kingston Invitational Swiss"]
[Site "Kingston-upon-Thames"]
[Date "2025.08.14"]
[Round "6.12"]
[White "Han, Qixiang"]
[Black "Keane, Graham D J"]
[Result "1-0"]
[WhiteElo "2070"]
[BlackElo "2146"]
[PlyCount "104"]
[EventDate "2025.08.12"]
[EventType "swiss"]
[EventRounds "9"]
[EventCountry "ENG"]

1. d4 d6 2. Nf3 Nf6 3. c4 Nbd7 4. Nc3 e5 5. e4 Be7 6. Be2 c6 7. O-O O-O 8. h3 a6 9. Be3 b5 10. a3 Re8 11. Qc2 Bf8 12. Rfd1 Qc7 13. Rac1 Bb7 14. b4 exd4 15. Bxd4 Rac8 16. Be3 h6 17. Qb1 Qb8 18. Bf4 bxc4 19. Bxc4 Ne5 20. Be2 c5 21. Nd5 Bxd5 22. exd5 cxb4 23. Rxc8 Qxc8 24. axb4 Qb7 25. Qb3 Ned7 26. Be3 Rb8 27. Qa2 Qxb4 28. Qxa6 Qb7 29. Qc6 Qb2 30. Bd3 Ne5 31. Nxe5 Qxe5 32. Bf1 Qf5 33. Bd3 Qh5 34. Bc2 Qe5 35. Qc7 Qe8 36. Qc3 Qb5 37. Bxh6 Nxd5 38. Qg3 Nb4 39. Bb3 d5 40. Be3 Rd8 41. Qh4 Rc8 42. Qh5 Rc3 43. Bxd5 Nxd5 44. Rxd5 Qb1+ 45. Kh2 Qb8+ 46. g3 Rb3 47. Rd4 Be7 48. Rd7 Qe8 49. Qd5 Rb1 50. Bc5 Bf6 51. Ra7 g6 52. Bd6 Kg7 1-0

[Event "Kingston Invitational Swiss"]
[Site "Kingston-upon-Thames"]
[Date "2025.08.14"]
[Round "6.13"]
[White "Achour, Mohamed Anis"]
[Black "Yu, Rock"]
[Result "1-0"]
[WhiteElo "2126"]
[BlackElo "2107"]
[PlyCount "93"]
[EventDate "2025.08.12"]
[EventType "swiss"]
[EventRounds "9"]
[EventCountry "ENG"]

1. d4 Nf6 2. Bf4 d5 3. e3 c5 4. dxc5 Nc6 5. Bb5 e6 6. b4 Bd7 7. c3 a5 8. Qb3 Ne4 9. f3 g5 10. Bxc6 Bxc6 11. Be5 f6 12. fxe4 fxe5 13. Nf3 axb4 14. cxb4 Ba4 15. Qb2 dxe4 16. O-O exf3 17. Qxe5 Rg8 18. Nc3 Bd7 19. Nd5 Rg6 20. Nc7+ Kf7 21. Nxa8 Bg7 22. Qc7 Qxc7 23. Nxc7 Bxa1 24. Rxa1 fxg2 25. Kxg2 Rg8 26. a4 h5 27. Nb5 Ke7 28. Nc3 h4 29. b5 g4 30. Ne4 Ra8 31. Nc3 Rc8 32. Ne4 Ra8 33. c6 bxc6 34. b6 c5 35. Nxc5 Bc6+ 36. Kg1 Kd6 37. Rc1 Ra5 38. b7 Kc7 39. Nxe6+ Kxb7 40. Nd8+ Kc8 41. Nxc6 Rxa4 42. Rd1 Kc7 43. Ne7 Re4 44. Nf5 g3 45. Rd4 gxh2+ 46. Kxh2 Re5 47. e4 1-0

[Event "Kingston Invitational Swiss"]
[Site "Kingston-upon-Thames"]
[Date "2025.08.14"]
[Round "6.14"]
[White "Josse, Mark"]
[Black "Kumar, Arnav"]
[Result "1-0"]
[WhiteElo "2113"]
[BlackElo "1814"]
[PlyCount "43"]
[EventDate "2025.08.12"]
[EventType "swiss"]
[EventRounds "9"]
[EventCountry "ENG"]

1. c4 Nf6 2. Nc3 e6 3. e4 d5 4. e5 d4 5. exf6 dxc3 6. bxc3 Qxf6 7. Nf3 Bd6 8. d4 h6 9. Bd3 O-O 10. Qe2 Re8 11. O-O Nd7 12. c5 Be7 13. Qe4 Nf8 14. Ne5 Qh4 15. f4 f6 16. Qf3 f5 17. Rb1 Bf6 18. g3 Qh3 19. Nc4 Rb8 20. Re1 h5 21. Ne3 e5 22. Bf1 1-0

[Event "Kingston Invitational Swiss"]
[Site "Kingston-upon-Thames"]
[Date "2025.08.14"]
[Round "6.15"]
[White "Pirgon, Joshua"]
[Black "Osborne, Marcus E"]
[Result "0-1"]
[WhiteElo "1849"]
[BlackElo "2142"]
[PlyCount "68"]
[EventDate "2025.08.12"]
[EventType "swiss"]
[EventRounds "9"]
[EventCountry "ENG"]

1. e4 c5 2. Nf3 e6 3. Nc3 Nc6 4. d4 cxd4 5. Nxd4 Qc7 6. Nxc6 bxc6 7. Bd3 Nf6 8. Qe2 d5 9. exd5 cxd5 10. Bb5+ Bd7 11. Bxd7+ Qxd7 12. Bf4 Bb4 13. O-O Bxc3 14. bxc3 Rc8 15. Be5 Qc6 16. Rab1 O-O 17. Bd4 Ne4 18. Rb3 a5 19. Qg4 e5 20. Bxe5 f6 21. Bd4 Rb8 22. Rfb1 Rxb3 23. Rxb3 Re8 24. h4 Nd2 25. Rb6 Re1+ 26. Kh2 Qc7+ 27. g3 Re4 28. Qh5 Rxh4+ 29. Qxh4 Nf3+ 30. Kh3 Nxh4 31. Kxh4 Qc4 32. a3 Qf1 33. Kg4 Qg2 34. Rb7 h5+ 0-1

[Event "Kingston Invitational Swiss"]
[Site "Kingston-upon-Thames"]
[Date "2025.08.14"]
[Round "6.16"]
[White "Rudd, Jack"]
[Black "Young, Daniel J"]
[Result "1-0"]
[WhiteElo "2259"]
[BlackElo "1958"]
[PlyCount "55"]
[EventDate "2025.08.12"]
[EventType "swiss"]
[EventRounds "9"]
[EventCountry "ENG"]

1. d4 Nf6 2. c4 c5 3. d5 b5 4. Nf3 e6 5. Bg5 exd5 6. cxd5 Qb6 7. e4 h6 8. Bxf6 Qxf6 9. e5 Qb6 10. Nc3 c4 11. d6 Bb7 12. a4 a6 13. Be2 g6 14. Nd5 Bxd5 15. Qxd5 Qc6 16. Qxc6 dxc6 17. axb5 cxb5 18. Nd4 Bg7 19. Nxb5 O-O 20. Nc7 Ra7 21. f4 Nc6 22. Bxc4 a5 23. O-O Nxe5 24. fxe5 Bxe5 25. Nb5 Ra6 26. d7 Raa8 27. Rae1 Bxb2 28. Rxf7 1-0